000 01171nam a2200337 c 4500
999 _c115535
_d115535
003 BLK
005 20210211112540.0
008 180409b bul|||||r ||||||| ||bul||
010 _aKNG00121020000
040 _aBLK
041 _aDEU
_cDEU
080 _aЖивопис - художници
_b75.071.1
_x(44)(092)
_z75.071.1(44)(092)
080 _aФренски художник импресионист(1832-1883)
_b929 Мане, Едуар
_z929 Мане, Едуар
100 1 _aLiebmann, Kurt
_eпърви автор
_9314170
139 _aLiebmann, Kurt
_bМ 25
_fМ 24
_gМ 25
245 1 0 _aEdouard Manet
_cKurt Liebmann.
257 _aDEU
260 _bVerl. der Kunst
_c1968
300 _a188 с.
_bс ил.
_c19 см
380 _a7
600 1 4 _aМане, Едуар
_991964
600 1 4 _aManet, Edouard
_917723
650 4 _aХудожници - биографии
_9269538
650 4 _aХудожници, френски
_9249195
653 _aбиографии
653 _aЕдуар Мане
700 _9408007
_aЛибман, Курт
700 1 _917723
_aManet, Edouard
700 1 _aМане, Едуар
_991964
856 4 _qpdf
856 4 _qpdf
942 _cKNG
_n0
_s1
944 _aCR
_c27.01.2011
_lдобави в АБ / 26.01.2011
_kИрена_Линкова
944 _aED
_c29.01.2014
_lдобави в АБ / 26.01.2011
999 _d115535
999 _d115535
999 _d115535